Mayores ciudades hispanohablantes - Estadísticas

Estadísticas generales
  • Esta prueba ha sido intentada 5.752 veces
    5.658 desde el último reinicio
  • La puntuación promedio es 14 de 25
Estadísticas de respuestas
Población Ciudad % Correcto
16,8 M Buenos Aires
97%
25,4 M Ciudad de México
96%
6,70 M Madrid
96%
4,88 M Barcelona
93%
10,6 M Bogotá
91%
12,0 M Lima
88%
8,40 M Santiago
86%
3,85 M Caracas
84%
2,88 M Quito
75%
4,35 M Medellín
69%
2,35 M Asunción
57%
5,95 M Guadalajara
55%
2,15 M La Habana
52%
6,15 M Monterrey
52%
2,98 M Cali
48%
3,90 M Santo Domingo
43%
2,45 M San José
42%
3,38 M Ciudad de Guatemala
41%
2,30 M Tijuana
35%
2,38 M Barranquilla
34%
3,35 M Guayaquil
34%
4,30 M Puebla
25%
2,83 M Maracaibo
18%
2,30 M León
15%
2,73 M Toluca
10%
No se encontraron pruebas coincidentes
Distribución de puntuación
Porcentaje de gente con cada puntuación
Porcentaje por número respondido
Historial de tus puntuaciones
No has intentado esta prueba desde el último reinicio